Magnetohydrodynamics (Record no. 7529)

MARC details
000 -LEADER
fixed length control field 00620nam a2200193Ia 4500
003 - CONTROL NUMBER IDENTIFIER
control field IN-BaIIA
008 - FIXED-LENGTH DATA ELEMENTS--GENERAL INFORMATION
fixed length control field 211028s9999 xx 000 0 eng d
040 ## - CATALOGING SOURCE
Transcribing agency IIA Library
080 ## - UNIVERSAL DECIMAL CLASSIFICATION NUMBER
Universal Decimal Classification number 538
Item number COW
100 ## - MAIN ENTRY--PERSONAL NAME
Personal name Cowling, T. G.
9 (RLIN) 2434
245 #0 - TITLE STATEMENT
Title Magnetohydrodynamics
Statement of responsibility, etc. T. G. Cowling
260 ## - PUBLICATION, DISTRIBUTION, ETC.
Place of publication, distribution, etc. New York
Name of publisher, distributor, etc. Interscience Publishers
Date of publication, distribution, etc. 1957
300 ## - PHYSICAL DESCRIPTION
Extent viii, 115p.
490 ## - SERIES STATEMENT
Series statement Interscience tracts on physics and astronomy; no. 4
500 ## - GENERAL NOTE
General note Donated by Mrs. Bappu
650 ## - SUBJECT ADDED ENTRY--TOPICAL TERM
Topical term or geographic name entry element Astronomy and astrophysics thesaurus
650 ## - SUBJECT ADDED ENTRY--TOPICAL TERM
Topical term or geographic name entry element Matnetohydrodynamics
9 (RLIN) 12809
942 ## - ADDED ENTRY ELEMENTS (KOHA)
Koha item type Books
Holdings
Withdrawn status Lost status Damaged status Not for loan Home library Current library Shelving location Date acquired Total Checkouts Full call number Barcode Date last seen Price effective from Koha item type
        IIA Library-Bangalore IIA Library-Bangalore General Stacks 18/07/1983   538/ COW 8342 05/11/2021 18/07/1983 Books

Powered by Koha